Catalog

Record Details

Catalog Search



Cesta svatého Vojtěcha  Cover Image Book Book

Cesta svatého Vojtěcha / Jaroslav Durych

Durych, Jaroslav (Author).

Record details

  • Physical Description: 97 s.
  • Edition: 2. vyd.
  • Publisher: Praha Vyšehrad 1947

Available copies

  • 1 of 1 copy available at Common Catalog SPOK.

Holds

  • 0 current holds with 1 total copy.
Show All Copies
Location Call Number / Copy Notes Barcode Shelving Location Status Due Date
ETS Library 274.3703 424470002241 Volný výběr Available -

LDR 00586nam a2 00229
00138940
003CZ-PrJAB
00520030401000000.0
008030401s1947 xr e |||| |cze
009cz
035 . ‡a(CONS)1296
035 . ‡aKPS2139
041 . ‡acze
08214. ‡a274.3703
100 . ‡72407 ‡aDurych, Jaroslav
245 . ‡aCesta svatého Vojtěcha / ‡cJaroslav Durych
250 . ‡a2. vyd.
260 . ‡aPraha ‡bVyšehrad ‡c1947
300 . ‡a97 s.
653 . ‡aCesta svatého Vojtěcha
8524 . ‡bETS ‡bETS ‡cVolný výběr ‡j274.3703 ‡gA ‡p424470002241
910 . ‡aABG450
999 . ‡a1296 ‡bAUTOGEN ‡c1296 ‡tbiblio
905 . ‡uadmin
901 . ‡a38940 ‡b ‡c38940 ‡tbiblio ‡sets

Additional Resources